[Event "World Senior Teams +50"]
[Site "Radebeul GER"]
[Date "2016.07.01"]
[Round "6.12"]
[Board "2"]
[White "Motuz, Karol"]
[Black "Dettmann, Gerd"]
[Result "1-0"]
[WhiteTitle "FM"]
[WhiteElo "2333"]
[BlackElo "2187"]
[WhiteTeam "Slovakia"]
[BlackTeam "Dettmann"]
[WhiteFideId "14902621"]
[BlackFideId "4630815"]
[EventDate "2016.06.26"]

1. d4 Nf6 2. c4 e6 3. Nc3 Bb4 4. g3 c5 5. Nf3 Bxc3+ 6. bxc3 O-O 7. Bg2 d6 8. O-O
Nc6 9. Bf4 Re8 10. dxc5 e5 11. Be3 dxc5 12. Bxc5 Be6 13. Qa4 Ne4 14. Qa3 Bxc4
15. Rfd1 Qc7 16. Nd2 Nxc5 17. Nxc4 Ne6 18. Qd6 Rac8 19. Rac1 Nf8 20. Bh3 Red8
21. Bxc8 Rxd6 22. Nxd6 b6 23. Bh3 g6 24. e3 Na5 25. c4 Qe7 26. c5 bxc5 27. Rxc5
Nb7 28. Nxb7 Qxb7 29. Rxe5 Qb2 30. Ra5 Qc3 31. Rxa7 Qc5 32. Ra8 Qh5 33. Rdd8
Qxh3 34. Rxf8+ Kg7 35. Rfe8 Qf5 36. Kg2 h5 37. h4 g5 38. e4 Qc5 39. Rg8+ 1-0

[Event "World Senior Teams +50"]
[Site "Radebeul GER"]
[Date "2016.07.01"]
[Round "6.12"]
[Board "3"]
[White "Dettmann, Holger"]
[Black "Briestensky, Rastislav"]
[Result "1/2-1/2"]
[BlackTitle "FM"]
[WhiteElo "2040"]
[BlackElo "2339"]
[WhiteTeam "Dettmann"]
[BlackTeam "Slovakia"]
[WhiteFideId "24636320"]
[BlackFideId "14900394"]
[EventDate "2016.06.26"]

1. d4 Nf6 2. c4 d6 3. Nc3 g6 4. e4 Bg7 5. f3 e5 6. dxe5 dxe5 7. Qxd8+ Kxd8 8.
Be3 c6 9. g3 Kc7 10. Bh3 Nbd7 11. O-O-O Re8 12. b3 Bf8 13. Nge2 a5 14. Kc2 Nc5
15. Bxc8 Raxc8 16. Rd2 Rcd8 17. Rhd1 Rxd2+ 18. Rxd2 Ne6 19. Na4 c5 20. Nec3 Nd4+
21. Bxd4 exd4 22. Nb5+ Kc6 23. Na7+ Kd7 24. Re2 Bd6 25. Kd3 Bb8 26. Nb6+ Kc7 27.
Nd5+ Nxd5 28. Nb5+ Kd7 29. exd5 Rh8 30. f4 h5 31. h4 Rf8 1/2-1/2

[Event "World Senior Teams +50"]
[Site "Radebeul GER"]
[Date "2016.07.01"]
[Round "6.13"]
[Board "1"]
[White "Buchal, Stephan"]
[Black "Frick, Renato"]
[Result "1-0"]
[WhiteTitle "FM"]
[WhiteElo "2338"]
[BlackElo "2014"]
[WhiteTeam "Werder/BSG Bremen"]
[BlackTeam "Liechtenstein"]
[WhiteFideId "4603915"]
[BlackFideId "12000027"]
[EventDate "2016.06.26"]

1. c4 e5 2. g3 Nc6 3. Bg2 f5 4. Nc3 Nf6 5. d3 Bb4 6. Bd2 O-O 7. Nd5 Bxd2+ 8.
Qxd2 a5 9. e3 d6 10. Ne2 Ne7 11. Nxf6+ Rxf6 12. O-O c6 13. f4 Qc7 14. Rac1 Be6
15. d4 Rd8 16. Rfd1 Rff8 17. d5 Bc8 18. fxe5 dxe5 19. d6 Qb6 20. c5 1-0

[Event "World Senior Teams +50"]
[Site "Radebeul GER"]
[Date "2016.07.01"]
[Round "6.13"]
[Board "2"]
[White "Kock, Hans-Uwe"]
[Black "Rust-Lux, Klaus"]
[Result "0-1"]
[WhiteTitle "FM"]
[WhiteElo "2004"]
[BlackElo "2074"]
[WhiteTeam "Liechtenstein"]
[BlackTeam "Werder/BSG Bremen"]
[WhiteFideId "4611020"]
[BlackFideId "24682047"]
[EventDate "2016.06.26"]

1. d4 Nf6 2. c4 g6 3. Nc3 Bg7 4. e4 d6 5. f3 O-O 6. Be3 c5 7. d5 Re8 8. Qd2 e6
9. Bd3 exd5 10. cxd5 a6 11. a4 Nbd7 12. Nge2 Ne5 13. Nc1 b6 14. O-O Nxd3 15.
Nxd3 Bd7 16. Bg5 c4 17. Nf2 Qc7 18. g4 Bc8 19. Kg2 Nd7 20. Rae1 Nc5 21. Qc2 Bd7
22. Be3 b5 23. axb5 axb5 24. h4 b4 25. Ncd1 Nb3 26. h5 Ba4 27. hxg6 hxg6 28. Qb1
c3 29. bxc3 bxc3 30. Qa2 Reb8 31. Nd3 c2 32. N1f2 Bd7 0-1

[Event "World Senior Teams +50"]
[Site "Radebeul GER"]
[Date "2016.07.01"]
[Round "6.13"]
[Board "3"]
[White "Franke, Reiner"]
[Black "Iclicki, Willy"]
[Result "1-0"]
[WhiteElo "2274"]
[BlackElo "1970"]
[WhiteTeam "Werder/BSG Bremen"]
[BlackTeam "Liechtenstein"]
[WhiteFideId "4603680"]
[BlackFideId "200450"]
[EventDate "2016.06.26"]

1. c4 c6 2. Nf3 d5 3. b3 Nf6 4. g3 Bg4 5. Ne5 Bf5 6. Bg2 Nbd7 7. Nxd7 Qxd7 8.
Bb2 e6 9. cxd5 exd5 10. O-O Be7 11. d3 h5 12. h4 O-O-O 13. Nd2 Ng4 14. Nf3 f6
15. Qd2 Rhg8 16. b4 g5 17. Bd4 Ne5 18. Bxe5 fxe5 19. Nxg5 Bf6 20. Rac1 Bxg5 21.
hxg5 h4 22. b5 Rg6 23. Qe3 Kb8 24. bxc6 bxc6 25. Qxe5+ Ka8 26. gxh4 Re8 27. Qf4
Bg4 28. e4 Rgg8 29. exd5 Rgf8 30. dxc6 1-0

[Event "World Senior Teams +50"]
[Site "Radebeul GER"]
[Date "2016.07.01"]
[Round "6.14"]
[Board "1"]
[White "Nake, Matthias"]
[Black "Gregor, George"]
[Result "1/2-1/2"]
[WhiteElo "2217"]
[BlackElo "2226"]
[WhiteTeam "SG Gruen-Weiss Dresden"]
[BlackTeam "Sachsen-Anhalt"]
[WhiteFideId "24653861"]
[BlackFideId "4640330"]
[EventDate "2016.06.26"]

1. e4 c5 2. c4 Nc6 3. g3 g6 4. Bg2 Bg7 5. Nc3 d6 6. Nge2 e6 7. O-O Nge7 8. a3
O-O 9. Rb1 b6 10. f4 Bb7 11. d3 Qd7 12. Be3 Nd4 1/2-1/2

[Event "World Senior Teams +50"]
[Site "Radebeul GER"]
[Date "2016.07.01"]
[Round "6.14"]
[Board "2"]
[White "Dietze, Frank"]
[Black "Hutschenreiter, Joerg"]
[Result "1-0"]
[WhiteElo "2135"]
[BlackElo "2002"]
[WhiteTeam "Sachsen-Anhalt"]
[BlackTeam "SG Gruen-Weiss Dresden"]
[WhiteFideId "4680979"]
[BlackFideId "24669172"]
[EventDate "2016.06.26"]

1. d4 Nf6 2. c4 e6 3. g3 d5 4. Nf3 c6 5. Bg2 dxc4 6. Ne5 Be7 7. O-O O-O 8. Nxc4
Nbd7 9. Qc2 Nd5 10. e4 N5b6 11. Rd1 Nxc4 12. Qxc4 e5 13. Be3 Nb6 14. Qe2 exd4
15. Bxd4 Qc7 16. Nc3 Be6 17. Rac1 Rad8 18. Nd5 Nxd5 19. exd5 Bxd5 20. Bxg7 Bc4
21. Qxc4 Kxg7 22. Qg4+ Kh8 23. Qf5 f6 24. Be4 Rf7 25. Bd5 Rg7 26. Bb3 Qe5 27.
Rxd8+ Bxd8 28. Rd1 Qc7 29. Qe6 Qe7 30. Qc8 1-0

[Event "World Senior Teams +50"]
[Site "Radebeul GER"]
[Date "2016.07.01"]
[Round "6.14"]
[Board "4"]
[White "Domaske, Andreas"]
[Black "Smid, Arend"]
[Result "1/2-1/2"]
[WhiteElo "1946"]
[BlackElo "1966"]
[WhiteTeam "Sachsen-Anhalt"]
[BlackTeam "SG Gruen-Weiss Dresden"]
[WhiteFideId "24666319"]
[BlackFideId "4676556"]
[EventDate "2016.06.26"]

1. d4 Nf6 2. Nf3 g6 3. c4 Bg7 4. Nc3 O-O 5. e4 d6 6. Be3 Nc6 7. d5 Ne5 8. Nxe5
dxe5 9. Be2 b6 10. O-O a5 11. f4 exf4 12. Bxf4 Nd7 13. Qd2 Ne5 14. Bh6 c5 1/2-1/2

[Event "World Senior Teams +50"]
[Site "Radebeul GER"]
[Date "2016.07.01"]
[Round "6.15"]
[Board "1"]
[White "Mittermayr, Gerhard"]
[Black "Wuttke, Hans"]
[Result "0-1"]
[WhiteElo "2101"]
[BlackElo "2140"]
[WhiteTeam "Oberoesterreich"]
[BlackTeam "Empor Potsdam"]
[WhiteFideId "1602233"]
[BlackFideId "4636120"]
[EventDate "2016.06.26"]

1. e4 c6 2. d4 d5 3. Nc3 dxe4 4. Nxe4 Bf5 5. Ng3 Bg6 6. Nf3 Nd7 7. h4 h6 8. h5
Bh7 9. Bd3 Bxd3 10. Qxd3 e6 11. Bf4 Qa5+ 12. Bd2 Bb4 13. c3 Be7 14. Ne4 Ngf6 15.
c4 Qa6 16. Ne5 Nxe5 17. dxe5 Nxe4 18. Qxe4 Qb6 19. Rh3 O-O-O 20. Rb3 Qd4 21.
Qxd4 Rxd4 22. Rg3 Re4+ 23. Kf1 Rxe5 24. Rxg7 Rxh5 25. Kg1 Rf5 26. g4 Bf8 27.
gxf5 Bxg7 28. fxe6 fxe6 29. Re1 Kd7 30. Bf4 c5 31. Rd1+ Bd4 32. Be5 Rg8+ 33. Kh2
Kc6 34. Bxd4 Rd8 35. Re1 cxd4 36. Rxe6+ Kc5 37. Re2 d3 38. Rd2 Kxc4 39. Kg3 Kd4
40. Kf3 Rc8 0-1

[Event "World Senior Teams +50"]
[Site "Radebeul GER"]
[Date "2016.07.01"]
[Round "6.15"]
[Board "2"]
[White "Jeske, Eckhard"]
[Black "Schulz, Peter"]
[Result "1-0"]
[WhiteElo "2171"]
[BlackElo "2068"]
[WhiteTeam "Empor Potsdam"]
[BlackTeam "Oberoesterreich"]
[WhiteFideId "4641485"]
[BlackFideId "1614819"]
[EventDate "2016.06.26"]

1. c4 Nf6 2. Nc3 d5 3. cxd5 Nxd5 4. g3 g6 5. Bg2 Nb6 6. d4 Bg7 7. Nf3 Nc6 8. e3
O-O 9. O-O e5 10. d5 Ne7 11. e4 Bd7 12. a4 Nc4 13. b3 Nd6 14. Ba3 Qb8 15. Qd3
Rd8 16. Rfd1 Nec8 17. Bb2 f6 18. Nd2 c6 19. f4 c5 20. fxe5 fxe5 21. Nf3 h6 22.
Nb1 b6 23. Nxe5 Be8 24. Ra2 Qc7 25. Ng4 Bxb2 26. Rxb2 Qg7 27. Rf2 Nf7 28. Nf6+
Kh8 29. Qc3 a6 30. Nxe8 Rxe8 31. Rxf7 1-0

[Event "World Senior Teams +50"]
[Site "Radebeul GER"]
[Date "2016.07.01"]
[Round "6.15"]
[Board "3"]
[White "Doppelhammer, Herbert"]
[Black "Schulz, Michael1"]
[Result "1/2-1/2"]
[BlackTitle "FM"]
[WhiteElo "2040"]
[BlackElo "2127"]
[WhiteTeam "Oberoesterreich"]
[BlackTeam "Empor Potsdam"]
[WhiteFideId "1608738"]
[BlackFideId "4616731"]
[EventDate "2016.06.26"]

1. d4 Nf6 2. Nf3 c5 3. dxc5 e6 4. Be3 Na6 5. g3 Bxc5 6. Bxc5 Nxc5 7. Bg2 Qb6 8.
Qd4 d6 9. b4 Na4 10. Qxb6 Nxb6 11. Nbd2 Nfd5 12. a3 Nc3 13. Nd4 e5 14. N4b3 d5
15. Na5 O-O 16. Nb1 Nb5 17. a4 Nd4 18. Kd2 Bf5 19. c3 Nc4+ 20. Nxc4 Nb3+ 21. Ke3
d4+ 22. cxd4 Nxa1 23. dxe5 Nc2+ 24. Kf4 Be6 25. Nba3 Rac8 26. Bxb7 Rc7 27. Be4
Nxb4 28. Ne3 f6 29. g4 g5+ 30. Kg3 fxe5 31. Nb5 Rd7 32. h4 a6 33. Nc3 Re8 34.
Rb1 gxh4+ 35. Kxh4 Rd4 36. Bf5 Kf7 37. Ne4 Bxf5 38. Nxf5 Rxe4 39. Nd6+ Ke6 40.
Nxe4 a5 41. Rd1 1/2-1/2

[Event "World Senior Teams +50"]
[Site "Radebeul GER"]
[Date "2016.07.01"]
[Round "6.16"]
[Board "2"]
[White "Visser, Gerrit"]
[Black "Mueller, Gerhard1"]
[Result "1/2-1/2"]
[WhiteElo "2047"]
[BlackElo "2110"]
[WhiteTeam "Oranje 2"]
[BlackTeam "Rochade Bielefeld Revival"]
[WhiteFideId "207330"]
[BlackFideId "4692829"]
[EventDate "2016.06.26"]

1. e4 c5 2. Nf3 d6 3. d4 cxd4 4. Nxd4 Nf6 5. Nc3 a6 6. Bg5 e6 7. f4 h6 8. Bh4
Be7 9. Qf3 Qc7 10. O-O-O Nbd7 11. Bf2 b5 12. a3 Bb7 13. Nb3 O-O-O 14. Bd4 Nc5
15. Nxc5 dxc5 16. Be5 Qc6 17. Bd3 c4 18. Be2 Rxd1+ 19. Rxd1 Rd8 20. Rxd8+ Bxd8
21. Bxf6 Bxf6 22. e5 Qxf3 23. Bxf3 Be7 24. Bxb7+ Kxb7 25. Ne4 Kc6 26. Kd2 1/2-1/2

[Event "World Senior Teams +50"]
[Site "Radebeul GER"]
[Date "2016.07.01"]
[Round "6.16"]
[Board "3"]
[White "Beilfuss, Wilfried"]
[Black "Dijkstra, Matthijs"]
[Result "0-1"]
[WhiteElo "2193"]
[BlackElo "2034"]
[WhiteTeam "Rochade Bielefeld Revival"]
[BlackTeam "Oranje 2"]
[WhiteFideId "4607856"]
[BlackFideId "1046985"]
[EventDate "2016.06.26"]

1. g3 f5 2. c4 Nf6 3. Nf3 d6 4. d4 g6 5. Bg2 Bg7 6. O-O O-O 7. b3 c5 8. Bb2 Na6
9. Nc3 Bd7 10. e3 Qe8 11. dxc5 Nxc5 12. Nd4 Rb8 13. Qc2 a6 14. a4 e5 15. Nde2
Bc6 16. Rfe1 Bxg2 17. Kxg2 Qe6 18. Nd5 g5 19. h4 f4 20. Kh1 Ng4 21. Ng1 fxg3 0-1

[Event "World Senior Teams +50"]
[Site "Radebeul GER"]
[Date "2016.07.01"]
[Round "6.16"]
[Board "4"]
[White "Arp, Frans"]
[Black "Thoele, Wolfgang"]
[Result "1/2-1/2"]
[WhiteElo "2047"]
[BlackElo "1990"]
[WhiteTeam "Oranje 2"]
[BlackTeam "Rochade Bielefeld Revival"]
[WhiteFideId "1005987"]
[BlackFideId "1271030"]
[EventDate "2016.06.26"]

1. e4 c5 2. Nf3 Nc6 3. d4 cxd4 4. Nxd4 g6 5. Nc3 Bg7 6. Be3 d6 7. Bc4 Nf6 8. f3
O-O 9. Qd2 a6 10. O-O-O Bd7 11. g4 b5 12. Nxc6 Bxc6 13. Bd5 Bxd5 14. Nxd5 Nxd5
15. exd5 Qc7 16. h4 Rfc8 17. Kb1 a5 18. h5 Qc4 19. hxg6 fxg6 20. Rh2 a4 21. Rdh1
a3 22. b3 Qc3 23. Qxc3 Rxc3 24. Bg5 Ra7 25. f4 Rac7 26. f5 Be5 27. Rg2 Rf3 28.
Bc1 b4 29. fxg6 hxg6 30. Bd2 Bc3 31. Bxc3 Rfxc3 32. Rgh2 Rg3 33. Rh4 1/2-1/2

[Event "World Senior Teams +50"]
[Site "Radebeul GER"]
[Date "2016.07.01"]
[Round "6.17"]
[Board "1"]
[White "Weichelt, Jens"]
[Black "Hoehn, Michael"]
[Result "1-0"]
[WhiteElo "2073"]
[BlackElo "2069"]
[WhiteTeam "Schachklub Heidenau"]
[BlackTeam "VSG 1880 Offenbach"]
[WhiteFideId "4637771"]
[BlackFideId "4622693"]
[EventDate "2016.06.26"]

1. d4 Nf6 2. c4 g6 3. Nc3 d5 4. cxd5 Nxd5 5. e3 Bg7 6. Bc4 Nb6 7. Bd3 O-O 8. Nf3
c5 9. dxc5 Nd5 10. Nxd5 Qxd5 11. Qc2 Nc6 12. e4 Qh5 13. Be2 Bg4 14. O-O Ne5 15.
Nd4 Rfd8 16. Bxg4 Nxg4 17. Nf3 Rac8 18. h3 Ne5 19. Nxe5 Bxe5 20. Be3 b6 21. Rad1
Rxd1 22. Rxd1 bxc5 23. Rd5 f6 24. f4 Qh4 25. Qf2 Qxf2+ 26. Kxf2 Bxb2 27. Rxc5
Rf8 28. Rc7 e5 29. fxe5 fxe5+ 30. Ke2 a5 31. Rc5 a4 32. Ra5 a3 33. Bc5 Rc8 34.
Kf3 Rc7 35. Ra8+ Kg7 36. Ra7 Rxa7 37. Bxa7 Kf6 38. Bc5 Ke6 39. Ke2 Kd7 40. Kd3
Kc6 41. Kc4 Bc1 42. Bb4 Bb2 43. Kb3 Kb5 44. Bd6 h6 45. Bf8 Bc1 46. Be7 Bb2 47.
Bd6 h5 48. g4 hxg4 49. hxg4 g5 50. Be7 Bc1 51. Bf8 Ka5 52. Bxa3 Bf4 53. Kc4 1-0

[Event "World Senior Teams +50"]
[Site "Radebeul GER"]
[Date "2016.07.01"]
[Round "6.17"]
[Board "2"]
[White "Trumpp, Lothar"]
[Black "Wurmb, Peter"]
[Result "1-0"]
[WhiteElo "2037"]
[BlackElo "1993"]
[WhiteTeam "VSG 1880 Offenbach"]
[BlackTeam "Schachklub Heidenau"]
[WhiteFideId "4673514"]
[BlackFideId "16203305"]
[EventDate "2016.06.26"]

1. Nc3 c5 2. Nf3 Nc6 3. e4 e6 4. d3 a6 5. a4 Qc7 6. g3 Nf6 7. Bg2 Be7 8. O-O O-O
9. Re1 d6 10. Bf4 e5 11. Bg5 Be6 12. h3 Rab8 13. Nh4 Qd7 14. Kh2 h6 15. Bd2 Nd4
16. Nf3 Nh7 17. Ng1 f5 18. exf5 Rxf5 19. Be3 Rbf8 20. Rf1 Bg5 21. Qd2 Qf7 22.
Ne4 b6 23. Nxd6 Bxe3 24. fxe3 Rf2 25. Rxf2 Qxf2 26. Qxf2 Rxf2 27. exd4 cxd4 28.
Re1 Bd5 29. Re2 1-0

[Event "World Senior Teams +50"]
[Site "Radebeul GER"]
[Date "2016.07.01"]
[Round "6.17"]
[Board "3"]
[White "Roser, Ludwig"]
[Black "Weiss, Matthias"]
[Result "1/2-1/2"]
[WhiteElo "1799"]
[BlackElo "2043"]
[WhiteTeam "Schachklub Heidenau"]
[BlackTeam "VSG 1880 Offenbach"]
[WhiteFideId "12928119"]
[BlackFideId "4638190"]
[EventDate "2016.06.26"]

1. d4 Nf6 2. Nf3 g6 3. Nbd2 d5 4. b4 Bg7 5. Bb2 O-O 6. e3 Bf5 7. Nh4 Bg4 8. Be2
Bxe2 9. Qxe2 Qd6 10. a3 Nbd7 11. c4 c6 12. f4 a5 13. c5 Qc7 14. O-O Ra7 15. b5
cxb5 16. Qxb5 a4 17. Rfc1 Ra5 18. Qd3 Qc6 19. Bc3 Ra7 20. Rab1 Rb8 21. Bb4 Rc8
22. Nhf3 e6 23. Ne5 Nxe5 24. fxe5 Ne4 25. Nxe4 dxe4 26. Qe2 Raa8 27. Bd2 Bf8 28.
Rb6 Qd5 1/2-1/2

[Event "World Senior Teams +50"]
[Site "Radebeul GER"]
[Date "2016.07.01"]
[Round "6.17"]
[Board "4"]
[White "Wolff, Peter"]
[Black "Weichelt, Stefan"]
[Result "1-0"]
[WhiteElo "1876"]
[BlackElo "1980"]
[WhiteTeam "VSG 1880 Offenbach"]
[BlackTeam "Schachklub Heidenau"]
[WhiteFideId "4655613"]
[BlackFideId "12975397"]
[EventDate "2016.06.26"]

1. c4 Nf6 2. g3 g6 3. Bg2 Bg7 4. Nc3 d6 5. e4 Nc6 6. Nge2 O-O 7. h3 e5 8. d3 Be6
9. O-O Qd7 10. Kh2 Nh5 11. g4 Nf6 12. Ng3 h6 13. Nd5 Bxd5 14. cxd5 Ne7 15. Be3
c5 16. f4 exf4 17. Bxf4 g5 18. Bd2 Nh7 19. Bc3 f6 20. a4 a6 21. a5 Rf7 22. Qd2
Ng6 23. Nf5 Bf8 24. Bf3 Ne7 25. Bd1 Nxf5 26. Rxf5 Qc7 27. Bb3 b5 28. axb6 Qxb6
29. Bc4 Bg7 30. Raf1 Raa7 31. Qf2 Qc7 32. Ra1 Qc8 33. Qc2 Ra8 34. Ra5 Rfa7 35.
Rf1 Qe8 36. Rfa1 h5 37. Qa4 hxg4 38. Qxe8+ Rxe8 39. hxg4 Bf8 40. Rxa6 Rb7 41.
Ra7 Reb8 42. Rxb7 Rxb7 43. Ra8 Kf7 44. Ba6 Rb6 45. Bc8 Ke8 46. Bf5+ 1-0

[Event "World Senior Teams +50"]
[Site "Radebeul GER"]
[Date "2016.07.01"]
[Round "6.18"]
[Board "1"]
[White "Rewitz, Poul"]
[Black "Denk, Adolf"]
[Result "0-1"]
[WhiteTitle "FM"]
[BlackTitle "FM"]
[WhiteElo "2202"]
[BlackElo "2256"]
[WhiteTeam "SK 1968"]
[BlackTeam "Austria"]
[WhiteFideId "1401033"]
[BlackFideId "1600990"]
[EventDate "2016.06.26"]

1. g3 e5 2. c3 d5 3. d4 Nd7 4. Bg2 c6 5. Nh3 Ngf6 6. O-O Bd6 7. Na3 O-O 8. Nc2
a5 9. a4 Re8 10. f3 Nf8 11. Nf2 exd4 12. cxd4 Bf5 13. Bg5 Bxc2 14. Qxc2 Ne6 15.
Bxf6 Qxf6 16. e3 h5 17. Rad1 Rad8 18. Nd3 Qh6 19. f4 Nf8 20. Rfe1 Re7 21. Ne5
Rde8 22. Rd3 f6 23. Nf3 g5 24. Qf2 Qg6 25. Rdd1 Qf5 26. Kh1 Ng6 27. Bf1 Kg7 28.
Bd3 Qg4 29. Re2 h4 30. Bxg6 Kxg6 31. gxh4 Kh6 32. Rg1 Qh5 33. hxg5+ fxg5 34. Ne5
Bxe5 35. dxe5 Rf7 36. Qg3 Rf5 37. Qe1 Rexe5 38. Qxa5 Rxf4 39. Qd2 Qf3+ 40. Rgg2
Qf1+ 41. Rg1 Qf3+ 42. Rgg2 Qe4 43. h3 Rf3 44. Qc2 Rxh3+ 45. Kg1 Qxc2 46. Rxc2
Rhxe3 47. a5 Re1+ 48. Kh2 Kg6 49. b4 Rb1 50. Rg4 Kf5 51. Rd4 Re4 52. Rxe4 dxe4
53. a6 bxa6 54. Rxc6 Rxb4 55. Rxa6 Kg4 56. Ra3 Rb2+ 57. Kh1 Rd2 58. Rb3 Kf4 59.
Kg1 Kg4 60. Kf1 Kf4 61. Ke1 Rg2 62. Kf1 Rg3 63. Rb5 e3 64. Ra5 Rg4 65. Ra4+ Kf3
66. Rxg4 Kxg4 0-1

[Event "World Senior Teams +50"]
[Site "Radebeul GER"]
[Date "2016.07.01"]
[Round "6.18"]
[Board "2"]
[White "Druckenthaner, Andreas"]
[Black "Mortensen, John"]
[Result "1-0"]
[WhiteTitle "FM"]
[WhiteElo "2281"]
[BlackElo "2077"]
[WhiteTeam "Austria"]
[BlackTeam "SK 1968"]
[WhiteFideId "1600567"]
[BlackFideId "1409190"]
[EventDate "2016.06.26"]

1. e4 c5 2. Nf3 Nc6 3. d4 cxd4 4. Nxd4 g6 5. Nc3 Bg7 6. Nb3 Nf6 7. Be2 O-O 8.
Bg5 a5 9. a4 Nb4 10. O-O d5 11. exd5 Nbxd5 12. Nxd5 Nxd5 13. Bf3 Nf6 14. Qxd8
Rxd8 15. Rfe1 h6 16. Bd2 Bf5 17. Bxa5 Rd7 18. Bc3 Bxc2 19. Nc5 Rc7 20. b4 Ne8
21. Bxg7 Kxg7 22. Bxb7 Rb8 23. Bf3 Rbc8 24. Rec1 Bf5 25. g4 1-0

[Event "World Senior Teams +50"]
[Site "Radebeul GER"]
[Date "2016.07.01"]
[Round "6.18"]
[Board "3"]
[White "Cordes, Steffen"]
[Black "Ernst, Michael"]
[Result "1/2-1/2"]
[WhiteElo "1926"]
[BlackElo "2134"]
[WhiteTeam "SK 1968"]
[BlackTeam "Austria"]
[WhiteFideId "1404644"]
[BlackFideId "1618393"]
[EventDate "2016.06.26"]

1. e4 e6 2. d4 d5 3. Nd2 Nf6 4. e5 Nfd7 5. Bd3 c5 6. c3 Nc6 7. Ngf3 g6 8. O-O
Bg7 9. b3 cxd4 10. cxd4 O-O 11. Re1 Qb6 12. Bb2 f6 13. exf6 Nxf6 14. Qe2 Nh5 15.
Qe3 Bd7 16. Rad1 a5 17. a3 Nf6 18. Ne5 Nxe5 19. dxe5 Qxe3 20. Rxe3 Ng4 21. Re2
Rac8 22. Nf3 Nh6 23. Nd4 Nf5 24. Nxf5 gxf5 25. f4 Rc7 26. Ree1 Rfc8 27. Rc1 Bf8
28. Rxc7 Rxc7 29. a4 Bb4 30. Rc1 Rxc1+ 31. Bxc1 Kf7 32. Kf1 Bc3 33. Be3 Ke7 34.
Ke2 1/2-1/2

[Event "World Senior Teams +50"]
[Site "Radebeul GER"]
[Date "2016.07.01"]
[Round "6.19"]
[Board "1"]
[White "Bayarmaa, Gendenjamc"]
[Black "Hedin, Gunnar"]
[Result "0-1"]
[WhiteElo "1929"]
[BlackElo "2171"]
[WhiteTeam "Mongolia Women"]
[BlackTeam "Sweden"]
[WhiteFideId "4900189"]
[BlackFideId "1712381"]
[EventDate "2016.06.26"]

1. d4 e6 2. Nf3 f5 3. Bf4 Nf6 4. e3 d6 5. c3 Nc6 6. Nbd2 Qe7 7. Bb5 Bd7 8. Bxc6
Bxc6 9. Qc2 g6 10. h3 Bg7 11. O-O O-O 12. Bh2 a5 13. a3 a4 14. Rad1 Kh8 15. Rfe1
Ne4 16. Nxe4 Bxe4 17. Qe2 Bc6 18. Nd2 e5 19. f4 Rae8 20. Qf2 exd4 21. exd4 Qf7
22. Rxe8 Rxe8 23. Re1 Rxe1+ 24. Qxe1 Qd5 25. Qe2 Bf6 26. Nf3 h6 27. h4 Kg7 28.
Bg3 Kf7 29. Be1 Qb3 30. Nh2 Kg7 31. Bf2 Qd5 32. Be1 Qb3 33. Bf2 Qd5 34. Be1 Qa2
35. Nf3 Kf7 36. Nh2 Qb1 37. Nf1 Kg7 38. Kh2 Qa2 39. Kh3 Qd5 40. Ng3 Kf7 41. Bd2
Bb5 42. Qe1 b6 43. Qf2 Bd7 44. Nf1 c5 45. dxc5 bxc5 46. Ne3 Qd3 47. Bc1 Qe4 48.
Qf3 Qxf3+ 49. gxf3 Bc6 50. Kg3 d5 51. Bd2 Ke6 52. Nc2 Bb5 53. Ne3 Bd3 54. Nd1 d4
55. Nf2 Be2 56. Nh1 Kd5 57. Kf2 Bd1 58. Kg3 dxc3 59. bxc3 Kc4 60. Nf2 Be2 61.
Nh3 Kb3 62. Ng5 hxg5 63. fxg5 Bg7 64. Kf4 Bd3 65. Ke3 Bc2 66. Kf4 Kxa3 67. Be3
Bxc3 68. Bxc5+ Kb2 0-1

[Event "World Senior Teams +50"]
[Site "Radebeul GER"]
[Date "2016.07.01"]
[Round "6.19"]
[Board "2"]
[White "Holst, Conny"]
[Black "Battsengel, Shirchin"]
[Result "1-0"]
[BlackTitle "WFM"]
[WhiteElo "2148"]
[BlackElo "1956"]
[WhiteTeam "Sweden"]
[BlackTeam "Mongolia Women"]
[WhiteFideId "1701428"]
[BlackFideId "4900391"]
[EventDate "2016.06.26"]

1. d4 Nf6 2. c4 e6 3. Nc3 Bb4 4. e3 c5 5. Bd3 Nc6 6. Ne2 O-O 7. O-O d5 8. cxd5
exd5 9. a3 Bxc3 10. bxc3 c4 11. Bc2 b5 12. f3 Re8 13. Ng3 a5 14. e4 Qb6 15. Kh1
dxe4 16. fxe4 Bg4 17. Qd2 Nh5 18. Nf5 Bxf5 19. Rxf5 g6 20. Rxh5 gxh5 21. Qg5+
Kf8 22. Qh6+ Kg8 23. e5 f5 24. Bxf5 Ra7 25. Be6+ Rxe6 26. Qxe6+ Rf7 27. Bh6 Qc7
28. Qe8+ 1-0

[Event "World Senior Teams +50"]
[Site "Radebeul GER"]
[Date "2016.07.01"]
[Round "6.19"]
[Board "3"]
[White "Soyolmaa, Dashdondog"]
[Black "Wademark, Helge"]
[Result "1/2-1/2"]
[WhiteTitle "WCM"]
[WhiteElo "1923"]
[BlackElo "2067"]
[WhiteTeam "Mongolia Women"]
[BlackTeam "Sweden"]
[WhiteFideId "4900146"]
[BlackFideId "1701606"]
[EventDate "2016.06.26"]

1. e4 e6 2. d4 d5 3. exd5 exd5 4. Nf3 Bg4 5. h3 Bh5 6. Be2 Bd6 7. Nc3 c6 8. Bg5
Qb6 9. Na4 Qa5+ 10. c3 h6 11. Bd2 Qc7 12. Nc5 b6 13. Nd3 Nd7 14. O-O Bg6 15. Qc1
Ngf6 16. Bf4 Bxd3 17. Bxd6 Qxd6 18. Bxd3 O-O 19. Qc2 Rfe8 20. Rfe1 Qf4 21. Bf5
Rad8 22. Bxd7 Nxd7 23. Qa4 Qc7 24. c4 dxc4 1/2-1/2